Tvorba edukačných multimédií
Saved in:
| Main Author: | |
|---|---|
| Other Authors: | , , |
| Format: | Book |
| Language: | Slovak |
| Published: |
Bratislava
Metodicko-pedagogické centrum v Bratislave
2013
|
| Edition: | 1. vyd. |
| Subjects: | |
| Tags: |
No Tags, Be the first to tag this record!
|
MARC
| LEADER | 00000nlm a2200000 4500 | ||
|---|---|---|---|
| 001 | 0183271 | ||
| 005 | 20240502073131.9 | ||
| 020 | |a 978-80-8052-593-4 | ||
| 041 | 0 | |a slo | |
| 044 | |a SK | ||
| 245 | 1 | 0 | |a Tvorba edukačných multimédií |c Anikó Töröková, Miroslav Števčík ; recenzenti: Anna Hamranová, Zuzana Töröková |
| 250 | |a 1. vyd. | ||
| 264 | 1 | |a Bratislava |b Metodicko-pedagogické centrum v Bratislave |c 2013 | |
| 300 | |a CD-ROM [28 s., 9,2 AH] | ||
| 610 | 2 | 0 | |a vyučovanie |
| 610 | 2 | 0 | |a multimédiá |
| 100 | 1 | |a Töröková, Anikó, 1963- | |
| 700 | 1 | |a Števčík, Miroslav | |
| 700 | 1 | |a Hamranová, Anna, 1957- | |
| 700 | 1 | |a Töröková, Zuzana | |